LIBRARY & INFORMATION CENTRE, KCAET, TAVANUR

ONLINE PUBLIC ACCESS CATALOGUE (OPAC)

Engineering materials and their testing, Part 2 non-ferrous metals and their allerys / (Record no. 1822)

MARC details
000 -LEADER
fixed length control field 00459cam a2200169ua 4500
041 ## - LANGUAGE CODE
Language code of text/sound track or separate title eng
082 ## - DEWEY DECIMAL CLASSIFICATION NUMBER
Classification number 691
Item number NAI/EN
100 ## - MAIN ENTRY--AUTHOR NAME
Personal name Naidu, D.S .
245 ## - TITLE STATEMENT
Title Engineering materials and their testing, Part 2 non-ferrous metals and their allerys /
260 ## - PUBLICATION, DISTRIBUTION, ETC. (IMPRINT)
Place of publication :
Name of publisher Asia Publishing House ,
Year of publication 1966.
300 ## - PHYSICAL DESCRIPTION
Number of Pages 275 ; .
942 ## - ADDED ENTRY ELEMENTS (KOHA)
Koha item type Books
Holdings
Withdrawn status Lost status Damaged status Home library Current library Date acquired Full call number Accession Number Koha item type
      KAUAET KAUAET 07/04/2012 691 12438 Books
free website counter